| 000 | 00519nam a2200193Ia 4500 | ||
|---|---|---|---|
| 003 | GCL | ||
| 008 | 140319s9999 xx 000 0 eng d | ||
| 040 |
_aGCL / _cGCL |
||
| 082 | 0 | 4 |
_a928.44 _bS N |
| 100 | 1 | _aSTEINMETZ, JEAN - LUC | |
| 245 | 1 | 0 |
_aNERVAL / _cSTEINMETZ, JEAN - LUC |
| 260 |
_a[S.N] : _bPRESSES L'UNIVERSITE DE PARIS - SORBONNE ، _c1997 |
||
| 300 | _a259 P | ||
| 650 | 0 | 4 | _aBIOGRAPHIES |
| 650 | 0 | 4 | _aFRANCE - POETS |
| 650 | 0 | 4 | _aPOETS - BIOGRAPHIES |
| 650 | 0 | 4 | _aNERVAL, GERARD DE |
| 942 |
_2ddc _cBK |
||
| 999 |
_c16378 _d16378 |
||